Perfiles profesionales del planificador y promotor social y planes de estudio /
Salvato in:
| Ente Autore: | |
|---|---|
| Natura: | Libro |
| Lingua: | Spanish |
| Pubblicazione: |
Heredia, Costa Rica. :
UNA,
1979
|
| Soggetti: | |
| Tags: |
Aggiungi Tag
Nessun Tag, puoi essere il primo ad aggiungerne!!
|
MARC
| LEADER | 00000nam a2200000Ia 4500 | ||
|---|---|---|---|
| 008 | 171207b1979 cr ||||| |||| 00| | spa d | ||
| 999 | |c 1473 |d 1473 | ||
| 090 | |a 06.02.01 |b 183 | ||
| 110 | 2 | |a Universidad Nacional. Escuela de Planificación y Promoción Social |9 3294 | |
| 245 | 1 | 0 | |a Perfiles profesionales del planificador y promotor social y planes de estudio / |c Universidad Nacional. Escuela de Planificación y Promoción Social |
| 260 | |a Heredia, Costa Rica. : |b UNA, |c 1979 | ||
| 300 | |a 106 páginas | ||
| 650 | 1 | 4 | |a EDUCACIÓN |9 1 |
| 650 | 1 | 4 | |a PROGRAMA DE ESTUDIOS |9 1364 |
| 650 | 1 | 4 | |a PERFIL PROFESIONAL |9 1698 |
| 650 | 1 | 4 | |a FORMACIÓN PROFESIONAL |9 498 |
| 942 | |i 00200 |h 06.02.01 183 |2 z |c 01 | ||
